000 00741nam a22002177a 4500
003 OSt
005 20250221162537.0
008 230925b ||||| |||| 00| 0 eng d
040 _c0
082 _aDPer 379.2 J826 Winter - Spring 2020 v. 45 n. 3-4
100 _aBounds, Steve.
_eauthor.
_949126
245 _aArkansas /
_cSteve Bounds.
260 _aUnited States ;
_bUniversity of Illinois Press and Johns Hopkins University Press,
_cWinter 2020.
300 _avolume 45, pages 264-265.
500 _aJournal of Education Finance, v. 45, n. 3, pages 264-265, Winter 2020.
650 _aBudget.
_949127
650 _aEducation.
_949128
650 _aFinance.
_949129
700 _aBounds, Steve.
_eauthor.
_949126
942 _2ddc
_cPER
999 _c18218
_d18218